000 00407nam a2200133Ia 4500
005 20260326235506.0
008 260326s9999||||xx |||||||||||||| ||und||
100 _ade Zamora, Fray Alonso
245 0 _aHistoria de la provincia de San Antonino del Nuevo Reino de Granada - Vol. 4 /
_cFray Alonso de Zamora
260 _bInstituto Colombiano de Cultura
300 _a333 p.
650 _aHISTORIA
942 _cBK
999 _c8170
_d8170